Lectures on the Republic of Plato / (Record no. 18647)
[ view plain ]
| 000 -LEADER | |
|---|---|
| fixed length control field | 00614nam a22001697a 4500 |
| 005 - DATE AND TIME OF LATEST TRANSACTION | |
| control field | 20141119103552.0 |
| 008 - FIXED-LENGTH DATA ELEMENTS--GENERAL INFORMATION | |
| fixed length control field | 141119s1910 xxk gr 000 0 eng d |
| 040 ## - CATALOGING SOURCE | |
| Original cataloging agency | EG-ScBUE |
| 082 00 - DEWEY DECIMAL CLASSIFICATION NUMBER | |
| Edition number | 22 |
| Classification number | 321.07 |
| Item number | NET |
| 100 1# - MAIN ENTRY--PERSONAL NAME | |
| 9 (RLIN) | 36598 |
| Personal name | Nettleship, Richard Lewis, |
| Dates associated with a name | 1846-1892 |
| 245 10 - TITLE STATEMENT | |
| Title | Lectures on the Republic of Plato / |
| Statement of responsibility, etc | by Richard Lewis Nettleship ; edited by G. R. Benson. |
| 260 ## - PUBLICATION, DISTRIBUTION, ETC. (IMPRINT) | |
| Place of publication, distribution, etc | London : |
| Name of publisher, distributor, etc | Macmillan and Co. Limited, |
| Date of publication, distribution, etc | 1910. |
| 300 ## - PHYSICAL DESCRIPTION | |
| Extent | 364 p. ; |
| Dimensions | 21 cm. |
| 600 00 - SUBJECT ADDED ENTRY--PERSONAL NAME | |
| 9 (RLIN) | 36600 |
| Personal name | Plato. |
| Title of a work | Republic |
| 700 1# - ADDED ENTRY--PERSONAL NAME | |
| 9 (RLIN) | 36599 |
| Personal name | Charnwood, Godfrey Rathbone Benson, |
| Titles and other words associated with a name | Baron, |
| Dates associated with a name | 1864-1945 |
| Relator term | editor. |
| 942 ## - ADDED ENTRY ELEMENTS (KOHA) | |
| Source of classification or shelving scheme | Dewey Decimal Classification |
| Call number prefix | 321.07 NET |
| Withdrawn status | Item status | Source of classification or shelving scheme | Damaged status | Not for loan | Vendor | Home library | Current library | Shelving location | Date acquired | Source of acquisition | Cost, normal purchase price | Total Checkouts | Full call number | Barcode | Date last seen | Cost, replacement price | Koha item type |
|---|---|---|---|---|---|---|---|---|---|---|---|---|---|---|---|---|---|
| Dewey Decimal Classification | سور الازبكية | Central Library | Central Library | First floor | 19/11/2014 | 100.00 | 321.07 NET | 000037030 | 15/07/2025 | 125.00 | NB - Book (Non borrowing) |